ARRUPE JESUIT UNIVERSITY

CORONAVIRUS -STOP THE SPREAD - CLEAN,DISINFECT,COVER

Mohammed / (Record no. 125748)

MARC details
000 -LEADER
fixed length control field 00866nam a2200277 a 4500
003 - CONTROL NUMBER IDENTIFIER
control field ARRUPE
005 - DATE AND TIME OF LATEST TRANSACTION
control field 20161117144812.0
008 - FIXED-LENGTH DATA ELEMENTS--GENERAL INFORMATION
fixed length control field 040406s1977 enk 000 0 eng d
035 ## - SYSTEM CONTROL NUMBER
System control number (OCoLC)ocn182679919
035 ## - SYSTEM CONTROL NUMBER
System control number (CStRLIN)DCFO04-B6970
040 ## - CATALOGING SOURCE
Original cataloging agency DFG
Transcribing agency SMI
Modifying agency UtOrBLW
049 ## - LOCAL HOLDINGS (OCLC)
Holding library SNIF
050 ## - LIBRARY OF CONGRESS CALL NUMBER
Classification number BF75.13.R613 1975
090 ## - LOCALLY ASSIGNED LC-TYPE CALL NUMBER (OCLC); LOCAL CALL NUMBER (OCLC)
Classification number (OCLC) (R) ; Classification number, CALL (RLIN) (NR) 922.97
Local cutter number (OCLC) ; Book number/undivided call number, CALL (RLIN) .R6
300 ## - PHYSICAL DESCRIPTION
Dimensions 18 cm.
100 1# - MAIN ENTRY--PERSONAL NAME
Personal name Rodinson, Maxime.
9 (RLIN) 27517
245 10 - TITLE STATEMENT
Title Mohammed /
Statement of responsibility, etc translated from the French by Anne Carter.
260 ## - PUBLICATION, DISTRIBUTION, ETC. (IMPRINT)
Place of publication, distribution, etc Harmondsworth, Middlesex, England :
Name of publisher, distributor, etc Penguin Books Ltd.,
Date of publication, distribution, etc 1977.
300 ## - PHYSICAL DESCRIPTION
Extent xix, 361 p. ;
590 1# - LOCAL NOTE (RLIN)
Local note RECON
600 00 - SUBJECT ADDED ENTRY--PERSONAL NAME
Personal name MuḼammad,
Titles and other words associated with a name Prophet,
Dates associated with a name -632.
9 (RLIN) 27518
901 ## - LOCAL DATA ELEMENT A, LDA (RLIN)
a *recs=b;bn=main;
902 ## - LOCAL DATA ELEMENT B, LDB (RLIN)
a mrc08090609
b alv00008309
942 ## - ADDED ENTRY ELEMENTS (KOHA)
Source of classification or shelving scheme Library of Congress Classification
Koha item type Monograph ( Printed materials)
949 ## - LOCAL PROCESSING INFORMATION (OCLC)
g fsgmain
i fsg13571
l fsg
n ddc
o 922.97 .R6
t book
w i
Holdings
Withdrawn status Lost status Source of classification or shelving scheme Damaged status Not for loan Home library Current library Date acquired Total Checkouts Full call number Barcode Date last seen Price effective from Koha item type
    Library of Congress Classification     ARRUPE LIBRARY ARRUPE LIBRARY 17/11/2016   BP75.13.R613 1975 46409759 17/11/2016 17/11/2016 Monograph ( Printed materials)

 

Arrupe Library. PO Box MP320 Mt Pleasant, Harare, Zimbabwe
263 242 745411|librarian@aju.ac.zw